|
|
|
|
| LEADER |
00703nam a2200193Ia 4500 |
| 001 |
CTU_33586 |
| 008 |
210402s9999 xx 000 0 und d |
| 082 |
|
|
|a 338.1
|
| 082 |
|
|
|b Ng528
|
| 100 |
|
|
|a Nguyễn, Thị Kim Nguyệt
|
| 245 |
|
0 |
|a Phân tích phí tổn và lợi tức trong việc canh tác lúa tại Phong Dinh 1973 - 1974
|
| 245 |
|
0 |
|c Nguyễn Thị Kim Nguyệt
|
| 260 |
|
|
|a Cần Thơ
|
| 260 |
|
|
|b Viện Đại Học Cần Thơ - Đại Học Nông Nghiệp
|
| 260 |
|
|
|c 1974
|
| 650 |
|
|
|a Agriculture,Banks and banking,Interest
|
| 650 |
|
|
|x Economic aspects
|
| 904 |
|
|
|i Minh, QHieu
|
| 980 |
|
|
|a Trung tâm Học liệu Trường Đại học Cần Thơ
|